| 000 | 00398nam a22001697a 4500 | ||
|---|---|---|---|
| 005 | 20180720121632.0 | ||
| 008 | 160514b xxu||||| |||| 00| 0 eng d | ||
| 020 | _a81-317-1132-3 | ||
| 041 | _aeng | ||
| 082 |
_b2441 _a658.3 |
||
| 100 |
_aRobbins, Stephen P. _94593 |
||
| 245 | _aOrganizational Behaviour | ||
| 260 |
_bPearsons _c2007 |
||
| 300 | _a791P, | ||
| 650 |
_aManagement _9241 |
||
| 942 | _cBK | ||
| 999 |
_c872 _d872 |
||